Statistiques concernant Histoire médiévale

Cliquez ici pour prendre le quiz!

Statistiques générales

  • Ce quiz a été pris 20 fois
    (18 depuis la dernière actualisation)
  • Le résultat moyen est 4 sur 21

Statistiques - réponses

HintRéponse% Correct
Qui envahi l'Angleterre en 1066Guillaume le conquérant
60%
Quelle est la date de début et de fin de la première croisade ?1095-1099
47%
Qui est le premier Empereur du Saint-Empire romain germanique ?Otton Ier
40%
Quand à eu lieu la bataille d'Hastings ?14 octobre 1066
33%
En quelle matière est spécialisé l'université de Bologne ?En droit
27%
Quelle unité regroupe la Musique, l'arithmétique, la géométrie, l'astronomie ?le quadrivium
27%
Contre qui se fait cette croisade ?Les turcs
27%
A quelle unité font parti la grammaire, la rhétorique, la dialectique ?le trivium
27%
Année du début de pontificat de Grégoire VII ?1073
20%
En quelle année est crée le collège de la Sorbonne ?1253
20%
Quelle est l'année de la séparation de l'église d'Orient et d'Occident ?1054
13%
Quelle est l'année de Parution du Doomsday Book ?1086
13%
Quand est signée la paix de Constance ?25 juin 1183
13%
Comment s'appelle celui qui dirige une commune à la fin du XIIe siècle ?Le podestat
13%
Comment s'appelaient les dirigeants des communes italiennes aux XI-XIIe siècles ?Les consuls
13%
Qui est le créateur de la Sorbonne ?Robert de Sorbon
13%
En quelle année la ville d'Asti devient-elle une commune ?1095
7%
Quand s'est déroulé le Synode de Latran ?13 avril 1059
7%
Quand ce dernier devient t-il empereur ?18 juin 1155
7%
Quand Frédéric Ier de Hofenstaufen devient-il roi ?9 mars 1152
7%
Quelles sont les deux régions européenne fortement urbanisées au XIIe ?flandre peninsule italique
7%

Distribution des résultats

Percentile par nombre de réponses

% des personnes avec chaque résultat

Votre développement - résultats

Vous n’avez pas pris ce quiz depuis la dernière actualisation